000 01173nam a2200301 i 4500
003 EG-GICUC
005 20260121101327.0
008 251120s2002 ua ||||fr|||| 00| 0 ara d
040 _a EG-GICUC
_bara
_c EG-GICUC
_d EG-GICUC
_erda
041 0 _aara
082 0 4 _221
_a345.31
_bع ا . م
092 0 4 _221
099 _aLaw1 07 345.31 ع ا . م 1 ed - 2002
100 0 _aعاشور سليمان شوايل
_eمؤلف.
245 1 0 _aمسؤولية الدولة عن أعمال الضبط الإداري المقارن في القانون الليبي والمقارن :
_bجنائياً وإدارياً /
_cعاشور سليمان شوايل.
250 _aالطبعة الاولى
264 1 _aالقاهرة :
_bدار النهضة العربية،
_c2002.
300 _a752 ؛ صفحة
_c24 سم
336 _2rda content
_atext
337 _2rda media
_aComputer
338 _2rda carrier
_aOnline Resource
546 _aالنص باللغة العربية
650 1 4 _aالقانون الإداري
650 1 4 _aالضبط الإداري
856 4 0 _uhttps://fll.law.cu.edu.eg/fulltext/bks/B07-01026.pdf
905 _a30
942 _2ddc
_cBK
_e21
_n0
999 _c45069
_d45069